Some guidelines for the integration of women in national development plans

Bibliographic Details
Main Author: MIRALAO
Corporate Author: Asian and Pacific Development Centre
Format: Book
Published: Kuala Lumpur : APDC , [between 1982 and 1984]
Series:Occasional paper / Integration of Women in Development, Asian and Pacific Development Centre ; no. 2
Subjects:

MARC

LEADER 00000cam a2200000 7i4500
001 0000002737
005 20031231.0
090 0 0 |a 305.409598   |b MIR 1984 
100 1 0 |a MIRALAO   |h Virginia A. 
245 1 0 |a Some guidelines for the integration of women in national development plans   |c Virginia A. Miralao 
260 0 0 |a Kuala Lumpur :   |b APDC ,   |c [between 1982 and 1984] 
300 |a 26 p. ;   |c 21 cm. 
440 0 0 |a Occasional paper / Integration of Women in Development, Asian and Pacific Development Centre ; no. 2 
500 0 0 |a Bibliography : p. 25-26 
650 0 0 |a Women   |x Government policy   |z Indonesia 
651 0 0 |a Indonesia   |x Economic policy 
651 0 0 |a Indonesia   |x Social policy 
710 1 1 |a Asian and Pacific Development Centre 
998 |a JPSM 
999 |a 0000004439   |b Monograph   |c Open Shelf   |e Default branch